000
00206 a2200097 4500
001
3081
100
_a
Jenkins, F A
245
_a
Fundamentals of Optics
260
_a
_b
Mc Graw Hill
_c
090
_c
2363
_d
2363
942
_a
NUST-CAE
_c
M
_c
15147
999
_c
238154
_d
238154